Guess the Director - '80s Edition - Statistics

General Stats
  • This quiz has been taken 49 times
  • The average score is 18 of 32
Answer Stats
Hin Answer % Correct
The Shining Stanley Kubrick
91%
E.T. Steven Spielberg
88%
Raiders of the Lost Ark Steven Spielberg
82%
Raging Bull Martin Scorsese
76%
Full Metal Jacket Stanley Kubrick
76%
The Terminator James Cameron
73%
Blade Runner Ridley Scott
67%
Do the Right Thing Spike Lee
67%
Batman Tim Burton
67%
Scarface Brian De Palma
64%
Ferris Bueller's Day Off John Hughes
64%
The Breakfast Club John Hughes
64%
Aliens James Cameron
61%
Spaceballs Mel Brooks
61%
Back to the Future Robert Zemeckis
61%
The King of Comedy Martin Scorsese
58%
Sixteen Candles John Hughes
55%
Stand by Me Rob Reiner
52%
The Princess Bride Rob Reiner
52%
Brazil Terry Gilliam
52%
The Last Temptation of Christ Martin Scorsese
48%
Once Upon a Time in America Sergio Leone
48%
The Untouchables Brian De Palma
45%
This is Spinal Tap Rob Reiner
45%
Empire of the Sun Steven Spielberg
45%
Die Hard John McTiernan
39%
Fanny and Alexander Ingmar Bergman
36%
Rain Man Barry Levinson
33%
The Empire Strikes Back Irvin Kershner
33%
Dead Poets Society Peter Weir
33%
Predator John McTiernan
27%
Good Morning, Vietnam Barry Levinson
21%
No matching quizzes found
Score Distribution
Percent of People with Each Score
Percentile by Number Answered
Your Score History
You have not taken this quiz